LEADER 01128nam 2200361 450 001 9910714084203321 005 20201104140806.0 035 $a(CKB)5470000002506827 035 $a(OCoLC)1203069177 035 $a(EXLCZ)995470000002506827 100 $a20201104d2007 ua 0 101 0 $aeng 135 $aur||||||||||| 181 $ctxt$2rdacontent 182 $cc$2rdamedia 183 $acr$2rdacarrier 200 10$aDenmark: taxation of gasoline 210 1$aWashington, D.C. :$cThe Law Library of Congress, Global Legal Research Directorate,$d2007. 215 $a1 online resource (3 unnumbered pages) 300 $a"LL file no. 2007-04277." 300 $a"September 2007." 320 $aIncludes bibliographical references. 517 $aDenmark 606 $aGasoline$xTaxation$zDenmark 615 0$aGasoline$xTaxation 700 $aForslund$b Linda$01397892 712 02$aLaw Library of Congress (U.S.).$bGlobal Legal Research Directorate, 801 0$bDLC 801 1$bGPO 906 $aBOOK 912 $a9910714084203321 996 $aDenmark: taxation of gasoline$93461238 997 $aUNINA LEADER 01219nam a22002651i 4500 001 991001557249707536 005 20250709154245.0 008 040407s1933 it a||||||||||||||||ita 035 $ab12788399-39ule_inst 035 $aARCHE-076802$9ExL 040 $aDip.to Scienze Storiche$bita$cA.t.i. Arché s.c.r.l. Pandora Sicilia s.r.l.$dSocioculturale Scs 082 04$a725.1809$223 100 1 $aVernole, Ettore$0208414 245 13$aIl castello di Gallipoli :$billustrazione storica architettonica /$cEttore Vernole ; con prefazione di Leone Andrea Maggiorotti 260 $aRoma :$b[s.n.],$c1933$e(Lecce :$fLa modernissima) 300 $a346 p., [18] carte di tav. :$bill. ;$c23 cm 500 $aIn testa al frontespizio: Pubblicato col concorso e sotto l'egida dell'Istituto di architettura militare; Museo del Genio; Castel Sant'Angelo 651 4$aGallipoli$xCastelli 700 1 $aMaggiorotti, Leone Andrea 907 $a.b12788399$b02-04-14$c16-04-04 912 $a991001557249707536 945 $aLE009 LA M 87$g1$i2009000218918$lle009$o-$pE0.00$q-$rn$so$t0$u4$v0$w4$x0$y.i13333185$z16-04-04 996 $aCastello di Gallipoli$9292990 997 $aUNISALENTO 998 $ale009$b16-04-04$cm$da$e-$fita$git$h3$i1